Sports Quiz

Random Sports or WWE Quiz

WWE Wrestlemania Main Events Quiz Stats

 Plays Quiz Updated Sep 19, 2018

Challenge
Share
Tweet
Embed
Score 0/76 Timer 05:00
8 Plays Today
Year % Correct
WrestlemaniaHulk Hogan
95.7%
Wrestlemania 2Hulk Hogan
95.7%
Wrestlemania IIIHulk Hogan
95.7%
Wrestlemania VHulk Hogan
95.7%
Wrestlemania VIHulk Hogan
95.7%
Wrestlemania VIIHulk Hogan
95.7%
Wrestlemania VIIIHulk Hogan
95.7%
Wrestlemania IXHulk Hogan
95.7%
Wrestlemania 33The Undertaker
95.1%
Wrestlemania 13The Undertaker
95.1%
Wrestlemania XXIVThe Undertaker
95.1%
Wrestlemania XXVIThe Undertaker
94.9%
Wrestlemania 2000Triple H
94.4%
Wrestlemania X8Triple H
94.4%
Wrestlemania XXTriple H
94.4%
Wrestlemania 21Triple H
94.4%
Wrestlemania 22Triple H
94.4%
Wrestlemania XXVTriple H
94.4%
Wrestlemania 32Triple H
94.1%
Wrestlemania 22John Cena
93.8%
Wrestlemania 23John Cena
93.8%
Wrestlemania XXVIIIJohn Cena
93.7%
Wrestlemania 29John Cena
93.5%
Wrestlemania XVThe Rock
93.2%
Wrestlemania 2000The Rock
93.2%
Wrestlemania X-SevenThe Rock
93.2%
Wrestlemania XXVIIJohn Cena
93%
Wrestlemania XXVIIIThe Rock
93%
Wrestlemania 29The Rock
92.7%
Wrestlemania XIIShawn Michaels
90.7%
Wrestlemania XIVShawn Michaels
90.7%
Wrestlemania XXShawn Michaels
90.7%
Wrestlemania 23Shawn Michaels
90.7%
Wrestlemania XXVIShawn Michaels
90.6%
Wrestlemania 34Brock Lesnar
90.1%
Wrestlemania 34Roman Reigns
89%
Wrestlemania 31Brock Lesnar
88.6%
Wrestlemania 33Roman Reigns
88.5%
Year % Correct
Wrestlemania XIVSteve Austin
88%
Wrestlemania XVSteve Austin
88%
Wrestlemania X-SevenSteve Austin
88%
Wrestlemania 32Roman Reigns
87.5%
Wrestlemania XXVRandy Orton
86.6%
Wrestlemania XXXRandy Orton
86%
Wrestlemania 31Roman Reigns
85.1%
Wrestlemania IIIAndre the Giant
84.3%
Wrestlemania XXXBatista
84.1%
Wrestlemania XIXBrock Lesnar
83.8%
Wrestlemania 31Seth Rollins
82.5%
Wrestlemania 21Batista
81.8%
Wrestlemania IXBret Hart
81%
Wrestlemania XBret Hart
81%
Wrestlemania XIIBret Hart
81%
Wrestlemania XXXDaniel Bryan
79.4%
Wrestlemania IVRandy Savage
79%
Wrestlemania VRandy Savage
79%
Wrestlemania 2000The Big Show
76.7%
Wrestlemania XXIVEdge
76.2%
Wrestlemania VIThe Ultimate Warrior
74.9%
Wrestlemania XXVIIThe Miz
74.4%
Wrestlemania XIXKurt Angle
74.4%
Wrestlemania 2000Mick Foley
73.9%
Wrestlemania XXChris Benoit
69.7%
Wrestlemania X8Chris Jericho
69.3%
Wrestlemania IXYokozuna
69.3%
Wrestlemania XYokozuna
69.3%
WrestlemaniaMr. T
69.2%
WrestlemaniaRoddy Piper
68.2%
Wrestlemania VIIISid Justice
57.9%
Wrestlemania 13Sycho Sid
57.9%
Wrestlemania 2King Kong Bundy
56.6%
Wrestlemania IVTed DiBiase
53.8%
Wrestlemania VIISgt. Slaughter
52.5%
WrestlemaniaPaul Orndorff
49.9%
Wrestlemania XIBam Bam Bigelow
45.8%
Wrestlemania XILawrence Taylor
42.3%

You're not logged in!

Compare scores with friends on all Sporcle quizzes.
OR
Log In

You Might Also Like...

Show Comments

Extras

Top Quizzes Today


Score Distribution

Your Account Isn't Verified!

In order to create a playlist on Sporcle, you need to verify the email address you used during registration. Go to your Sporcle Settings to finish the process.

Report this User

Report this user for behavior that violates our Community Guidelines.

Details: